LEADER 01267nam a2200289 4500 001 000000352306 003 CaOOAMICUS 005 20221129111049.0 008 221116s2019 it 000 u ita r 020 $a978-88-98514-10-6 040 $aSeMil$bita 100 1 $aDoria, Antonella.$0(OLS)http://semarc/name/116825 245 10$aMillantanni :$buna trilogia /$cAntonella Doria ; introduzione di Giulia Niccolai. 264 1$aMilano :$bEdizioni del Verri,$c2019. 300 $a136 p. ;$c20 cm 490 1 $aCollana rossa ;$v8 541 0 $aOmaggio mons. Mario Delpini (1B I 297) 700 1 $aNiccolai, Giulia,$d<1934-2021>.$0(OLS)http://semarc/name/62431 830 0$aCollana rossa ;$v8.$0(OLS)http://semarc/title/442107 850 $aSeMil 852 $aSeMil$W1$xVenegono$y1$m1B I 297$j235601$B243489$CSeMilBibl$Z2$F243489 $81 941 1 $a7 961 $aOmaggio mons. Mario Delpini. -- Con dedica autografa dell?autrice (Antonella Doria) a mons. Mario Delpini (28 ottobre 2022) 996 $6020$a978-88-98514-10-6$9(OLS)http://semarc/number/297190 996 $6245$aMillantanni :$buna trilogia$9(OLS)http://semarc/title/442106 996 $6264$aMilano :$bEdizioni del Verri$9(OLS)http://semarc/publisher/60763